Zabezpečenie záväzkov prevodom práva (1. časť)

Bibliographic Details
Main Author: Kerecman, Peter, 1972- (Author)
Format: Article
Language:Slovak
ISSN:0032-6984
Subjects:

MARC

LEADER 00000nab a2200000 a 4500
001 vtls000661668
003 SK-MaSNL
005 20260304090510.0
008 250425c1998 xo 0 slo
015 |a SNBRB1998/05-13853 
035 |a CLN000013857 
035 |a urn:nbn:sk:snk-ab2a6y 
035 |a (urnnbn)urn:nbn:sk:snk:ar-a020kt 
035 |a (uuid)0c94f3ab-fa3a-469a-a93f-6d493dd865fc 
040 |a SNKBUCL  |b slo  |c SNKBUCL  |e AACR2 
041 0 |a slo 
044 |a xo  |c SK 
080 |a 347.435  |2 1997 
100 1 |a Kerecman, Peter,  |d 1972-  |4 aut  |9 104731 
245 1 0 |a Zabezpečenie záväzkov prevodom práva  |n (1. časť)  |c P. Kerecman 
504 |a Bibliogr. odkazy 
650 0 7 |a prevod práva  |x záväzky právne  |2 snkbucl  |9 1381649 
650 0 7 |a záväzky právne  |2 snkbucl  |9 1135976 
655 7 |a články z novín a časopisov  |2 snkbucl  |9 267496 
773 0 |t Právny obzor  |g Roč. 81, č. 3 (1998), s. 264-275  |x 0032-6984 
850 |a Slovenská národná knižnica 
852 |a Slovenská národná knižnica 
954 |a odborná, vedecká literatúra pôvodná (slovenská)  |2 lita 
958 |a article27 
958 |a SK 
958 |a NB 
958 |a OND 
958 |a EUIPO 
992 |a RBX 
999 |c 2811643  |d 2813573